[Event "ACL-E007"]
[Site "www.playchess.de"]
[Date "2001.03.25"]
[Round "17"]
[White "peze"]
[Black "dakini"]
[WhiteElo "1889"]
[BlackElo "1633"]
[PlyCount "55"]
[Result "1-0"]

1.e4 {Hallo Thomas, dann woll'n wir mal. Auf ein 
schönes Spiel. Gruß Peter}  e6 {Ja ich freue mich 
ebenfalls , daß es mal wieder klappt. Ich erlaube 
mir hier allerdings Computerhilf}  2.d4 {...das 
ist hier erlaubt!}  d5 {... im Mittel kkorrigiert 
der Computer 3 von 5 Zügen in der Endphase der 
Eröffnung. Zum Lernen sehr}  3.Nd2 {...die 
Tarrasch-Variante in der Französischen 
Verteidigung.}  Nf6 {... mehr über die Contact-me 
Möglichkeit hier.}  4.e5 Nfd7 5.c3 {1.g3 geht auf 
GM Pal Benko zurück. Kein eigener ECO-Code. Wird 
A00 Unregelmäßige zugeordnet.}  c5 {"Benko" ... 
Danke!}  6.Ngf3 {Üblich ist hier 6.Ld3 aber Sgf3 
ist wohl stärker und gefällt mir besser.}  cxd4 
{ich mache mir auf alle fälle die c- Linie auf.}  
7.cxd4 {...Hab' ich von Dir schon mal gehört. Aber 
mit was willst Du sie besetzen. Da bin ich 
schneller!}  Nc6 {Alle Achtung vor Eurem 
Weitblick!}  8.Nb3 Bb4+ 9.Bd2 Bxd2+ {Hat die 
Eröffnung 1.e5 d7 einen besonderen Namen? Guten 
Morgen!}  10.Qxd2 {Guten Morgen! 1.e5 d7 ??? 
...aber sonst bist Du fit ? ;-))}  O-O {Ich habe 
das mal in einigen Eröffnungen gespielt und stand 
da gar nicht so schlecht... :-))}  11.Rc1 
{...wahrscheinlich hat Dein Gegner das Schachspiel 
aufgegeben! :-) Danke für die c-Linie}  f6 {war 
wohl schlecht zu umgehen ... :-))}  12.Bb5 fxe5 
13.Bxc6 {Gegen "Deppenhaufen" remis gespielt. 
Starker Gegner!}  bxc6 {Ich denke, er hat mich 
auch am Wickel!}  14.Nxe5 Nxe5 15.dxe5 Qc7 {So, 
jetzt mögen wir wohl das Wochenende einläuten! Es 
regnet ohne Ende hier und kalt ist es obendrei}  
16.f4 {...hier ist das gleiche Sauwetter. Es gießt 
im Moment in Strömen.}  Rb8 {Wir haben übers 
Wochenende Gäste, da werde ich nur ab und an 
reinschauen können ... ;-))}  17.O-O {...macht 
nix; ich bin mit den anderen Partien mehr als 
beschäftigt. :-)}  Qb6+ {Das ist die mit Abstand 
stärkste Turniergruppe, in der ich je gespielt 
habe...}  18.Rf2 Qa6 19.Qa5 {...die Ladys stören 
nur!}  Rb6 {Dann will ich der Deinigen gerne den 
Vortritt lassen ...}  20.Qxa6 Rxa6 21.a3 Rb6 
22.Nd4 Bd7 {Noch halte ich mich wacker!}  23.b4 
{...das ist richtig! Weiter so!}  Ra8 24.f5 exf5 
{Schönen Sonntag wünsche ich!}  25.e6 Be8 {Eine 
Unterhaltung mit einem Turnierspieler im ICE hat 
mich dazu gebracht, das Schachspiel nur noch a}  
26.Rxf5 {nur noch a... ?}  h6 {... als Lustgewinn 
auf Hobbyschachebene zu betrachten. Es spielt sich 
für mich so schöner. Für mehr}  27.Kf2 
{...Turnierschach ist absoluter Streß. Stell Dir 
vor noch 10 Z. bis z.Zt.-Ktr. u. nur noch 1 
min.Zeit}  a5 {Das gibt bestimmt ordentlich 
Adrenalin. Bestimmt kein Genuß mehr, so zu 
spielen, schon eher Zwang ..}  
28.bxa5 1-0

[Event "HCL-B226"]
[Site "www.playchess.de"]
[Date "2001.03.25"]
[Round "5"]
[White "ragadous"]
[Black "dakini"]
[WhiteElo "1559"]
[BlackElo "1137"]
[PlyCount "43"]
[Result "1-0"]

1.d4 {good luck}  d5 {wish u the same, thx}  2.c4 
e5 3.dxe5 d4 4.Nf3 Bb4+ 5.Bd2 Bc5 6.Bg5 Ne7 7.Bxe7 
Qxe7 8.g3 Nc6 9.Bg2 Nxe5 10.Nxe5 Qxe5 11.O-O Be6 
12.Bxb7 Rb8 13.Bc6+ Bd7 14.Bxd7+ Kxd7 15.Qc2 Rhe8 
16.Re1 Ke7 17.Nd2 Kf8 18.Nf3 Qe4 19.Qxe4 Rxe4 
20.Nd2 Re6 21.b3 Bb4 22.Rad1 1-0

[Event "HCL-B226"]
[Site "www.playchess.de"]
[Date "2001.03.25"]
[Round "12"]
[White "gingy"]
[Black "dakini"]
[WhiteElo "1200"]
[BlackElo "1137"]
[PlyCount "27"]
[Result "1-0"]

1.d4 d5 2.c4 e5 3.e3 Nh6 4.Nf3 e4 5.Nfd2 Bb4 
6.Qa4+ Nc6 7.cxd5 Qxd5 8.Bc4 Qxc4 9.Nc3 Qd3 10.Nd5 
O-O 11.Nxb4 Nxb4 12.Qxb4 Bg4 13.Qc4 Qxc4 
14.Nxc4 1-0

[Event "HCL-B226"]
[Site "www.playchess.de"]
[Date "2001.03.25"]
[Round "17"]
[White "dakini"]
[Black "Denzil"]
[WhiteElo "1137"]
[BlackElo "1737"]
[PlyCount "20"]
[Result "0-1"]

1.e4 c5 2.Nf3 d6 3.d4 cxd4 4.Nxd4 Nf6 5.Nc3 a6 
6.Bg5 e6 7.Qe2 Be7 8.O-O-O b5 9.e5 dxe5 10.Nxe6 
Qxd1+ 0-1

[Event "HCL-B258"]
[Site "www.playchess.de"]
[Date "2001.03.25"]
[Round "9"]
[White "Zeus"]
[Black "ChessWorm"]
[WhiteElo "1779"]
[BlackElo "1500"]
[PlyCount "39"]
[Result "1-0"]

1.e4 c5 2.Nf3 d6 3.d4 cxd4 4.Nxd4 Nf6 5.Nc3 a6 
6.Bg5 e6 7.f4 Nbd7 8.Qf3 Qc7 9.O-O-O b5 10.Bxf6 
Nxf6 11.e5 Bb7 12.Qh3 dxe5 13.Nxe6 fxe6 14.Qxe6+ 
Qe7 15.Qb6 b4 16.fxe5 Ng4 17.Nb5 axb5 18.Bxb5+ Kf7 
19.Bc4+ Ke8 20.Qb5+ 1-0

[Event "HCL-B068"]
[Site "www.playchess.de"]
[Date "2001.03.25"]
[Round "7"]
[White "paule"]
[Black "abed"]
[WhiteElo "1669"]
[BlackElo "2043"]
[PlyCount "35"]
[Result "1/2-1/2"]

1.e4 e5 2.Nf3 Nc6 3.Bb5 a6 4.Ba4 Bc5 5.O-O b5 
6.Bb3 d6 7.c3 Bg4 8.Bd5 Bd7 9.d4 Bb6 10.dxe5 dxe5 
11.Qe2 Nf6 12.Bxc6 Bxc6 13.Nxe5 Bxe4 14.Ng4 Qe7 
15.Re1 Nxg4 16.Qxe4 Bxf2+ 17.Kf1 Bxe1 
18.Qxa8+ 1/2-1/2

[Event "HCL-B068"]
[Site "www.playchess.de"]
[Date "2001.03.25"]
[Round "11"]
[White "abed"]
[Black "mrchess"]
[WhiteElo "2043"]
[BlackElo "1598"]
[PlyCount "42"]
[Result "1/2-1/2"]

1.e4 d6 2.d4 Nf6 3.Nc3 Nbd7 4.Bc4 e5 5.Nge2 c6 
6.O-O Be7 7.Bb3 Qc7 8.Bg5 h6 9.Bh4 O-O 10.f4 exd4 
11.Qxd4 Qb6 12.Qxb6 axb6 13.Rad1 Re8 14.Bf2 b5 
15.a3 Ng4 16.h3 Nxf2 17.Rxf2 Nb6 18.Rf3 Na4 19.Rb1 
Nxc3 20.Nxc3 Be6 21.Bxe6 fxe6 1/2-1/2

[Event "HCL-B068"]
[Site "www.playchess.de"]
[Date "2001.03.25"]
[Round "14"]
[White "mrchess"]
[Black "trolo"]
[WhiteElo "1598"]
[BlackElo "1798"]
[PlyCount "58"]
[Result "0-1"]

1.d4 d5 2.c4 c6 3.Nc3 Nf6 4.cxd5 cxd5 5.Bg5 e6 
6.Qc2 Be7 7.Nf3 Nc6 8.e3 O-O 9.a3 h6 10.Bh4 a6 
11.Rc1 Bd7 12.Bd3 Rc8 13.O-O Bd6 14.Qb1 g5 15.Bg3 
Bxg3 16.hxg3 Qe7 17.Nh2 Rc7 18.f3 e5 19.Ne2 Rfc8 
20.g4 exd4 21.exd4 Nxd4 22.Nxd4 R7xc1 23.Bh7+ Nxh7 
24.Qd3 Nf6 25.Qd2 R1c4 26.Kh1 Qe5 27.Nb3 R4c2 
28.Qb4 Qxb2 29.Nc5 R8xc5 0-1

[Event "HCL-B068"]
[Site "www.playchess.de"]
[Date "2001.03.25"]
[Round "15"]
[White "paule"]
[Black "mrchess"]
[WhiteElo "1669"]
[BlackElo "1598"]
[PlyCount "51"]
[Result "1-0"]

1.e4 d6 2.d4 Nf6 3.Nc3 Nbd7 4.f4 e5 5.Nf3 exd4 
6.Qxd4 c6 7.Be3 d5 8.exd5 Bc5 9.Qd3 O-O 10.dxc6 
bxc6 11.Bxc5 Nxc5 12.Qxd8 Rxd8 13.Bc4 Ng4 14.Ne5 
Nxe5 15.fxe5 Re8 16.O-O-O Be6 17.Bxe6 Nxe6 18.Rhf1 
Red8 19.Rd6 Rxd6 20.exd6 Rd8 21.Ne4 g6 22.g4 Nd4 
23.g5 Nf5 24.d7 Kf8 25.Nc5 Ne7 
26.Ne6+ 1-0

[Event "HCL-B068"]
[Site "www.playchess.de"]
[Date "2001.03.25"]
[Round "16"]
[White "Mathemagician"]
[Black "abed"]
[WhiteElo "1412"]
[BlackElo "2043"]
[PlyCount "47"]
[Result "1-0"]

1.e4 e5 2.Nf3 Nc6 3.d4 d6 4.dxe5 Bg4 5.exd6 Bxd6 
6.Bb5 Qe7 7.O-O Nf6 8.Bxc6+ bxc6 9.Nc3 Nd7 10.h3 
h5 11.hxg4 hxg4 12.Bg5 Bh2+ 13.Nxh2 Qe5 14.Bh6 Nf6 
15.Nxg4 Nxg4 16.Qxg4 Rxh6 17.f4 Qd4+ 18.Rf2 Rg6 
19.Qh3 Rh6 20.Rd1 Qb6 21.Qf5 Qxb2 22.Qe5+ Kf8 
23.Qc5+ Kg8 24.Rb1 1-0

[Event "HCL-B068"]
[Site "www.playchess.de"]
[Date "2001.03.25"]
[Round "20"]
[White "Mathemagician"]
[Black "paule"]
[WhiteElo "1412"]
[BlackElo "1669"]
[PlyCount "44"]
[Result "0-1"]

1.e4 e6 2.d4 d5 3.Nc3 Bb4 4.e5 c5 5.Bd2 Ne7 6.Nb5 
Bxd2+ 7.Qxd2 O-O 8.c3 Nbc6 9.Nf3 a6 10.Nd6 cxd4 
11.cxd4 f6 12.Nxc8 Rxc8 13.exf6 Rxf6 14.Bd3 Qd6 
15.O-O Rcf8 16.Rfe1 Rh6 17.Ne5 Rh4 18.Qe3 Nxd4 
19.Rad1 Nec6 20.Qg5 Nxe5 21.Rxe5 Rff4 22.Rc1 
Rfg4 0-1

[Event "HCL-B068"]
[Site "www.playchess.de"]
[Date "2001.03.25"]
[Round "21"]
[White "mrchess"]
[Black "Mathemagician"]
[WhiteElo "1598"]
[BlackElo "1412"]
[PlyCount "62"]
[Result "0-1"]

1.d4 Nf6 2.c4 c5 3.d5 b5 4.Nc3 b4 5.Na4 d6 6.b3 g6 
7.e3 Bg7 8.Bb2 O-O 9.Bd3 e6 10.Ne2 Bd7 11.Nf4 Bxa4 
12.bxa4 exd5 13.cxd5 Bh6 14.Qf3 Bxf4 15.Qxf4 Nxd5 
16.Qh6 Nc3 17.Bxc3 bxc3 18.Bc2 d5 19.O-O Nc6 20.a3 
Rb8 21.Rfd1 Rb2 22.Rdc1 Qf6 23.Qh3 d4 24.exd4 Nxd4 
25.Qd3 Re8 26.f3 c4 27.Qd1 Rd8 28.Rab1 Nxc2 29.Qf1 
Ne3 30.Qe1 Rxg2+ 31.Kh1 Qf4 0-1

[Event "HCL-C098"]
[Site "www.playchess.de"]
[Date "2001.03.25"]
[Round "7"]
[White "LADY"]
[Black "Otakmati"]
[WhiteElo "1000"]
[BlackElo "1000"]
[PlyCount "36"]
[Result "0-1"]

1.Nc3 d5 2.Nxd5 Qxd5 3.d4 e5 4.Nf3 Bd6 5.c3 e4 
6.h3 exf3 7.gxf3 c5 8.b3 Nc6 9.a4 cxd4 10.Bd2 dxc3 
11.Rc1 cxd2+ 12.Qxd2 Qxd2+ 13.Kxd2 Nf6 14.Ke1 Be6 
15.Rd1 Bb4+ 16.Rd2 Rd8 17.Bg2 Bxd2+ 18.Kd1 
Bxb3+ 0-1

[Event "HCL-C098"]
[Site "www.playchess.de"]
[Date "2001.03.25"]
[Round "11"]
[White "Otakmati"]
[Black "Hanbei"]
[WhiteElo "1000"]
[BlackElo "978"]
[PlyCount "53"]
[Result "1-0"]

1.d4 d5 2.c4 c6 3.Nc3 Bf5 4.Nf3 e6 5.a3 Qa5 6.Bd2 
Qc7 7.Rc1 dxc4 8.e4 Bg4 9.Bxc4 Be7 10.O-O h6 11.h3 
Bxf3 12.Qxf3 Bg5 13.Bxg5 hxg5 14.d5 Qe5 15.dxe6 
fxe6 16.Qg4 Ke7 17.Ne2 Nf6 18.Qg3 Nbd7 19.f4 Qxe4 
20.Qxg5 Rag8 21.f5 Rh5 22.Qd2 Rxf5 23.Rxf5 Qxf5 
24.Nd4 Qc5 25.Bxe6 Qd6 26.Bxg8 Nxg8 
27.Nf5+ 1-0

[Event "HCL-C098"]
[Site "www.playchess.de"]
[Date "2001.03.25"]
[Round "15"]
[White "LADY"]
[Black "Hanbei"]
[WhiteElo "1000"]
[BlackElo "978"]
[PlyCount "49"]
[Result "0-1"]

1.c4 e5 2.Nc3 Nf6 3.d3 Bb4 4.Bd2 d5 5.a3 Bxc3 
6.Bxc3 d4 7.Ba5 Nc6 8.Bd2 O-O 9.g3 Bf5 10.e4 dxe3 
11.e.p fxe3 12.Bxd3 Ne2 13.Bxc4 Qc1 14.Bxe2 Bxe2 
15.Qd7 b4 16.a6 Qc2 17.Rfe8 h4 18.Rad8 Rd1 19.Qd5 
g4 20.Qxh1+ Bf1 21.Qxh4+ Ke2 22.Qxg4+ Ke1 23.Ne4 
Bc1 24.Qg3+ Ke2 25.Qf2+ 0-1

[Event "HCL-C098"]
[Site "www.playchess.de"]
[Date "2001.03.25"]
[Round "20"]
[White "soymilk"]
[Black "LADY"]
[WhiteElo "1162"]
[BlackElo "1000"]
[PlyCount "67"]
[Result "1-0"]

1.Nf3 f5 2.g3 h6 3.Nc3 g5 4.d4 Nc6 5.e3 d6 6.Bb5 
b6 7.Bxc6+ Bd7 8.Bxa8 Qxa8 9.O-O Nf6 10.Re1 Bc6 
11.Nd2 g4 12.d5 Bd7 13.Nb3 Bc8 14.Nb5 c6 15.Nc7+ 
Kf7 16.Nxa8 cxd5 17.Nc7 e6 18.f3 h5 19.Bd2 a5 
20.Bc3 Bg7 21.Bd4 Kg8 22.Bxb6 Kh7 23.Nd4 a4 
24.Ndxe6 Bh6 25.Bd4 Rf8 26.Nxf8+ Bxf8 27.Bxf6 Bh6 
28.Qd4 Kg6 29.Bh8 Bb7 30.Qf6+ Kh7 31.Qf7+ Kxh8 
32.Ne8 Bc6 33.Nf6 gxf3 34.Qg8+ 1-0

[Event "ACL-A039"]
[Site "www.playchess.de"]
[Date "2001.03.25"]
[Round "1"]
[White "Brrrr"]
[Black "plobi"]
[WhiteElo "1500"]
[BlackElo "1500"]
[PlyCount "27"]
[Result "1-0"]

1.d4 c6 2.c4 Nf6 3.Nc3 d5 4.Nf3 Bf5 5.Qb3 Qd7 
6.cxd5 cxd5 7.Ne5 Qc7 8.Nxd5 Nxd5 9.Qxd5 e6 
10.Qb5+ Nd7 11.Bd2 Be7 12.Rc1 Qb8 13.Qxd7+ Kf8 
14.Rc7 1-0

[Event "ACL-A039"]
[Site "www.playchess.de"]
[Date "2001.03.25"]
[Round "3"]
[White "plobi"]
[Black "Tarahumara"]
[WhiteElo "1500"]
[BlackElo "992"]
[PlyCount "47"]
[Result "1-0"]

1.d4 d5 2.c4 c6 3.Nc3 e6 4.Nf3 f6 5.Bf4 Na6 6.e3 
Bb4 7.Qd2 Ne7 8.Be2 e5 9.dxe5 Rf8 10.O-O dxc4 
11.Qxd8+ Kxd8 12.Bxc4 Bxc3 13.bxc3 fxe5 14.Bxe5 
Nc5 15.Bxg7 Rf5 16.Rad1+ Bd7 17.Nd4 Rg5 18.Bf6 Rg4 
19.Ne6+ Nxe6 20.Bxe6 Ke8 21.Rxd7 Ra4 22.Rxe7+ Kf8 
23.Rxh7 Ke8 24.Rh8+ 1-0

[Event "ACL-A039"]
[Site "www.playchess.de"]
[Date "2001.03.25"]
[Round "4"]
[White "Brrrr"]
[Black "Goofy"]
[WhiteElo "1500"]
[BlackElo "1731"]
[PlyCount "54"]
[Result "1/2-1/2"]

1.d4 Nf6 2.c4 g6 3.Nc3 d5 4.cxd5 Nxd5 5.e4 Nxc3 
6.bxc3 Bg7 7.Bc4 O-O 8.Ne2 c5 9.O-O Nc6 10.Be3 Bg4 
11.f3 Na5 12.Bxf7+ Rxf7 13.fxg4 Rxf1+ 14.Qxf1 Qd7 
15.g5 Nc4 16.Qc1 Rf8 17.Bf2 Qg4 18.Qc2 cxd4 
19.cxd4 b5 20.a4 a6 21.axb5 axb5 22.h4 e5 23.Nc3 
exd4 24.Nxb5 Ne3 25.Bxe3 dxe3 26.Rf1 Rxf1+ 27.Kxf1 
Qf4+ 1/2-1/2

[Event "ACL-A039"]
[Site "www.playchess.de"]
[Date "2001.03.25"]
[Round "5"]
[White "Goofy"]
[Black "plobi"]
[WhiteElo "1731"]
[BlackElo "1500"]
[PlyCount "39"]
[Result "1-0"]

1.d4 d5 2.Nf3 Nc6 3.Bf4 Nf6 4.e3 Bf5 5.c3 e6 6.Bd3 
Bxd3 7.Qxd3 Be7 8.Nbd2 O-O 9.O-O Ng4 10.h3 Nxf2 
11.Rxf2 Bh4 12.Nxh4 Qxh4 13.Nf3 Qf6 14.Raf1 Qe7 
15.e4 Rad8 16.e5 h6 17.Nh2 Qh4 18.Ng4 Rd7 19.Bxh6 
gxh6 20.Nf6+ 1-0

[Event "ACL-A039"]
[Site "www.playchess.de"]
[Date "2001.03.25"]
[Round "6"]
[White "Tarahumara"]
[Black "Goofy"]
[WhiteElo "992"]
[BlackElo "1731"]
[PlyCount "36"]
[Result "0-1"]

1.e4 c5 2.Qh5 e6 3.Qe5 Nc6 4.Qg3 Nf6 5.f3 d5 6.d3 
Bd6 7.Qxg7 Rg8 8.Qh6 Rg6 9.Qh4 Nd4 10.Na3 dxe4 
11.fxe4 Rg4 12.Qh6 c4 13.Be3 Rg6 14.Qh4 Bxa3 
15.bxa3 Nxc2+ 16.Kd2 Nxa1 17.Qe1 Rxg2+ 18.Be2 
Qxd3+ 0-1

[Event "ACL-A039"]
[Site "www.playchess.de"]
[Date "2001.03.25"]
[Round "7"]
[White "Schwachspieler"]
[Black "Brrrr"]
[WhiteElo "1689"]
[BlackElo "1500"]
[PlyCount "54"]
[Result "0-1"]

1.e4 c5 2.Nf3 d6 3.d4 cxd4 4.Nxd4 Nf6 5.Nc3 a6 
6.Bg5 e6 7.f4 Be7 8.Qf3 Qc7 9.O-O-O Nbd7 10.Bd3 h6 
11.Bh4 g5 12.fxg5 Ne5 13.Qe2 Nfg4 14.Nf3 hxg5 
15.Bxg5 Bxg5+ 16.Nxg5 Qc5 17.Nh3 Bd7 18.Rdf1 Rc8 
19.Kb1 b5 20.Nd1 Nxd3 21.Qxd3 b4 22.Rfe1 Ba4 23.b3 
Ne5 24.Qd2 Rxh3 25.gxh3 Nf3 26.Qf2 Qxf2 27.Nxf2 
Nxe1 0-1

[Event "ACL-A039"]
[Site "www.playchess.de"]
[Date "2001.03.25"]
[Round "8"]
[White "plobi"]
[Black "Schwachspieler"]
[WhiteElo "1500"]
[BlackElo "1689"]
[PlyCount "45"]
[Result "1-0"]

1.d4 Nf6 2.c4 g6 3.Nc3 d5 4.Nf3 Bg7 5.e3 a6 6.Be2 
dxc4 7.Bxc4 O-O 8.O-O b5 9.Bb3 b4 10.Ne2 Bb7 
11.Ne5 Nbd7 12.Nxf7 Rxf7 13.Bxf7+ Kxf7 14.Nf4 e6 
15.Qb3 Qe7 16.Bd2 c5 17.dxc5 a5 18.Rad1 Nxc5 
19.Qc4 Ba6 20.Qc2 Bxf1 21.Rxf1 Nfe4 22.f3 Nxd2 
23.Qxd2 1-0

[Event "ACL-A039"]
[Site "www.playchess.de"]
[Date "2001.03.25"]
[Round "9"]
[White "Schwachspieler"]
[Black "Tarahumara"]
[WhiteElo "1689"]
[BlackElo "992"]
[PlyCount "52"]
[Result "0-1"]

1.d4 d5 2.Nc3 Nf6 3.Nf3 Nc6 4.Bg5 Bf5 5.e3 Nb4 
6.Rc1 c6 7.Bxf6 exf6 8.a3 Na6 9.Nh4 g6 10.Nxf5 
gxf5 11.Bxa6 bxa6 12.Qd3 Rb8 13.Qxa6 Rxb2 14.Qxc6+ 
Qd7 15.Qxd5 Bxa3 16.Qxd7+ Kxd7 17.O-O Bb4 18.Nd5 
Bd2 19.Rca1 Rxc2 20.Rxa7+ Kd6 21.Nxf6 Rhc8 22.Nxh7 
R2c1 23.Rxf7 Rb8 24.Rxc1 Bxc1 25.h4 Ke6 26.Ng5+ 
Kd5 0-1

[Event "ACL-A039"]
[Site "www.playchess.de"]
[Date "2001.03.25"]
[Round "10"]
[White "Goofy"]
[Black "Schwachspieler"]
[WhiteElo "1731"]
[BlackElo "1689"]
[PlyCount "44"]
[Result "1/2-1/2"]

1.d4 Nf6 2.c4 g6 3.Nc3 d5 4.cxd5 Nxd5 5.e4 Nxc3 
6.bxc3 Bg7 7.Bc4 c5 8.Ne2 Nc6 9.Be3 O-O 10.O-O Bg4 
11.f3 Na5 12.Bd3 cxd4 13.cxd4 Be6 14.Rc1 Bxa2 
15.Qa4 Be6 16.d5 Bd7 17.Qb4 e6 18.Nc3 exd5 19.exd5 
Re8 20.Bf2 Bf8 21.Qb2 Bg7 22.Qb4 
Bf8 1/2-1/2

[Event "ACL-A039"]
[Site "www.playchess.de"]
[Date "2001.03.25"]
[Round "11"]
[White "Brrrr"]
[Black "Bauernopfer"]
[WhiteElo "1500"]
[BlackElo "1601"]
[PlyCount "47"]
[Result "1-0"]

1.d4 d5 2.c4 dxc4 3.e4 b5 4.a4 c6 5.axb5 cxb5 
6.Nf3 e6 7.b3 cxb3 8.Bxb5+ Bd7 9.Qxb3 Bxb5 
10.Qxb5+ Nd7 11.O-O Qb6 12.Nc3 a6 13.Qa4 Qb4 
14.Qc6 Rb8 15.Ne5 Ngf6 16.Bf4 Rd8 17.Nxd7 Nxd7 
18.Bc7 Rc8 19.Rxa6 Bd6 20.Qxd6 Qxc3 21.Ba5 Qc4 
22.Bb4 Kd8 23.Qe7+ Kc7 24.Bd6+ 1-0

[Event "ACL-A039"]
[Site "www.playchess.de"]
[Date "2001.03.25"]
[Round "12"]
[White "Bauernopfer"]
[Black "plobi"]
[WhiteElo "1601"]
[BlackElo "1500"]
[PlyCount "55"]
[Result "1-0"]

1.e4 e5 2.Bc4 Nf6 3.d3 Bb4+ 4.Bd2 Bxd2+ 5.Qxd2 O-O 
6.Nf3 d6 7.O-O Bg4 8.Qe3 Nc6 9.h3 Bxh3 10.gxh3 d5 
11.exd5 Nxd5 12.Bxd5 Qxd5 13.Nc3 Qe6 14.Ng5 Qg6 
15.Kh2 h6 16.Nge4 Nd4 17.Rac1 Rad8 18.Qg3 Qf5 
19.f4 Rfe8 20.fxe5 Qxe5 21.Nf6+ Kh8 22.Nxe8 Qxg3+ 
23.Kxg3 Rxe8 24.Rce1 Rg8 25.Rf2 f6 26.Re4 Nb5 
27.Nxb5 a6 28.Nxc7 1-0

[Event "ACL-A039"]
[Site "www.playchess.de"]
[Date "2001.03.25"]
[Round "13"]
[White "Tarahumara"]
[Black "Bauernopfer"]
[WhiteElo "992"]
[BlackElo "1601"]
[PlyCount "24"]
[Result "0-1"]

1.e4 e5 2.Qh5 Nc6 3.Bc4 g6 4.Qf3 Qf6 5.d3 Bc5 
6.Bg5 Qxg5 7.Qxf7+ Kd8 8.Nh3 Qxg2 9.Rg1 Qxh3 
10.Qg7 Qf3 11.Rf1 Nd4 12.Na3 Qe2+ 0-1

[Event "ACL-A039"]
[Site "www.playchess.de"]
[Date "2001.03.25"]
[Round "14"]
[White "Bauernopfer"]
[Black "Goofy"]
[WhiteElo "1601"]
[BlackElo "1731"]
[PlyCount "36"]
[Result "0-1"]

1.e4 c5 2.Nf3 e6 3.Nc3 Nc6 4.d3 d5 5.exd5 exd5 
6.d4 Nf6 7.Bb5 Bd6 8.Bg5 O-O 9.Nxd5 Qa5+ 10.Qd2 
Qxd2+ 11.Kxd2 Nxd5 12.Bxc6 bxc6 13.c3 h6 14.Bh4 
Bf4+ 15.Kd3 Bf5+ 16.Kc4 Rab8 17.Kxc5 Rb5+ 18.Kc4 
Nb6+ 0-1

[Event "ACL-A039"]
[Site "www.playchess.de"]
[Date "2001.03.25"]
[Round "15"]
[White "Schwachspieler"]
[Black "Bauernopfer"]
[WhiteElo "1689"]
[BlackElo "1601"]
[PlyCount "22"]
[Result "0-1"]

1.d4 d5 2.Nc3 Nf6 3.Bg5 Nbd7 4.Nf3 h6 5.Bxf6 Nxf6 
6.e3 Bf5 7.Bd3 Bxd3 8.Qxd3 e6 9.Qb5+ c6 10.Qxb7 
Qc8 11.Qxc8+ Rxc8 0-1

[Event "ACL-A039"]
[Site "www.playchess.de"]
[Date "2001.03.25"]
[Round "17"]
[White "plobi"]
[Black "tuzlak"]
[WhiteElo "1500"]
[BlackElo "1500"]
[PlyCount "72"]
[Result "0-1"]

1.d4 e5 2.c4 exd4 3.Qxd4 Nc6 4.Qe4+ Qe7 5.Qxe7+ 
Bxe7 6.e3 Nf6 7.Nf3 d5 8.Be2 Nb4 9.Bd1 Nd3+ 10.Kf1 
Nxc1 11.Bc2 dxc4 12.Ba4+ c6 13.Nc3 Nd3 14.b4 Bxb4 
15.Rc1 Nb2 16.Rb1 Bxc3 17.Bc2 Na4 18.Bxa4 b5 
19.Bc2 O-O 20.Ke2 Rd8 21.Rhd1 Be6 22.h3 Rxd1 
23.Rxd1 b4 24.Kf1 b3 25.axb3 cxb3 26.Bd3 b2 27.e4 
a5 28.Ba6 Nxe4 29.Ne5 Nd2+ 30.Kg1 Rxa6 31.Kh1 b1Q 
32.Rg1 Bxe5 33.f4 Bxf4 34.g3 Bd5+ 35.Kh2 Nf3+ 
36.Kh1 Qxg1+ 0-1

[Event "ACL-A039"]
[Site "www.playchess.de"]
[Date "2001.03.25"]
[Round "18"]
[White "tuzlak"]
[Black "Tarahumara"]
[WhiteElo "1500"]
[BlackElo "992"]
[PlyCount "35"]
[Result "1-0"]

1.e4 e5 2.Nf3 Qf6 3.Bc4 Bc5 4.d3 Nc6 5.Nc3 Qg6 
6.Ng5 Qf6 7.O-O Bb6 8.Nxf7 g6 9.Nd5 Qg7 10.Nxh8 
Qxh8 11.Nxb6 axb6 12.Bg5 h6 13.Qf3 Qg7 14.Bxg8 
Qxg8 15.Bxh6 Nd4 16.Qf6 d6 17.Bg5 Qf7 
18.Qd8+ 1-0

[Event "ACL-A039"]
[Site "www.playchess.de"]
[Date "2001.03.25"]
[Round "19"]
[White "Goofy"]
[Black "tuzlak"]
[WhiteElo "1731"]
[BlackElo "1500"]
[PlyCount "49"]
[Result "1-0"]

1.d4 d5 2.c4 dxc4 3.e4 e6 4.Bxc4 Bb4+ 5.Nc3 Nf6 
6.Bg5 h6 7.Bxf6 Qxf6 8.Nf3 Nc6 9.O-O e5 10.Nd5 Qd6 
11.dxe5 Nxe5 12.Nxe5 Qxe5 13.Nxb4 Qxb2 14.Qa4+ c6 
15.Nxc6 Bd7 16.Qb4 Qf6 17.Na5 b6 18.Nb7 Qc6 
19.Nd6+ Kd8 20.Nxf7+ Kc7 21.Bd5 a5 22.Qa3 Qb5 
23.Rfc1+ Kb8 24.Qd6+ Ka7 25.Qc7+ 1-0

[Event "ACL-A039"]
[Site "www.playchess.de"]
[Date "2001.03.25"]
[Round "20"]
[White "tuzlak"]
[Black "Schwachspieler"]
[WhiteElo "1500"]
[BlackElo "1689"]
[PlyCount "24"]
[Result "0-1"]

1.e4 e5 2.Nf3 Nf6 3.Nc3 Nc6 4.Bc4 Bc5 5.d3 d6 
6.Ng5 O-O 7.Nd5 Na5 8.Nxf6+ Qxf6 9.Qh5 Qxf2+ 
10.Kd1 h6 11.Nf3 Qxg2 12.Re1 Bg4 0-1

[Event "ACL-A039"]
[Site "www.playchess.de"]
[Date "2001.03.25"]
[Round "21"]
[White "Bauernopfer"]
[Black "tuzlak"]
[WhiteElo "1601"]
[BlackElo "1500"]
[PlyCount "71"]
[Result "1-0"]

1.e4 e5 2.Bc4 Nf6 3.d3 Bc5 4.Nf3 Nc6 5.O-O d6 
6.Nc3 Nd4 7.Nxd4 Bxd4 8.Nd5 Ng4 9.h3 Bxf2+ 10.Rxf2 
Nxf2 11.Kxf2 c6 12.Ne3 Qh4+ 13.Kg1 Qg3 14.Qf1 O-O 
15.Nf5 Bxf5 16.Qxf5 Qe1+ 17.Qf1 Qg3 18.Qf2 Qg6 
19.a3 b5 20.Bb3 a5 21.c3 a4 22.Bd1 h6 23.Bg4 d5 
24.Bf5 Qd6 25.exd5 Qxd5 26.Be4 Qd6 27.Be3 Rac8 
28.d4 Rfe8 29.Rf1 Rc7 30.dxe5 Qe6 31.Bb1 Rb7 
32.Qc2 Qxe5 33.Bd4 Qe2 34.Qh7+ Kf8 35.Bc5+ Ree7 
36.Qh8+ 1-0

[Event "HCL-A046"]
[Site "www.playchess.de"]
[Date "2001.03.26"]
[Round "20"]
[White "Patmatter"]
[Black "paule"]
[WhiteElo "1900"]
[BlackElo "1819"]
[PlyCount "56"]
[Result "0-1"]

1.c4 e5 2.Nc3 f5 3.e4 d6 4.d3 Nf6 5.Be2 Be7 6.Nf3 
O-O 7.O-O Nc6 8.exf5 Bxf5 9.h3 Qd7 10.Be3 Rae8 
11.Re1 Bd8 12.d4 exd4 13.Nxd4 Nxd4 14.Bxd4 c5 
15.Be3 Ba5 16.Bf3 Bxc3 17.bxc3 b6 18.a4 Be4 19.a5 
Bxf3 20.Qxf3 Re4 21.Qe2 Qe6 22.axb6 axb6 23.Rad1 
d5 24.cxd5 Nxd5 25.Qd2 Nxe3 26.Rxe3 Rxe3 27.Qxe3 
Re8 28.Qxe6+ Rxe6 0-1

[Event "HCL-A052"]
[Site "www.playchess.de"]
[Date "2001.03.26"]
[Round "2"]
[White "Tiuri"]
[Black "paule"]
[WhiteElo "1600"]
[BlackElo "1819"]
[PlyCount "52"]
[Result "0-1"]

1.c4 e5 2.Nc3 f5 3.d3 Nf6 4.Nf3 Nc6 5.g3 d5 6.cxd5 
Nxd5 7.Bg2 Bb4 8.Bd2 Be6 9.O-O Be7 10.a3 O-O 11.b4 
a6 12.Rc1 Qd7 13.Na4 Rad8 14.Ng5 Nd4 15.Nxe6 Nxe6 
16.Nc3 c6 17.Qb3 {Did you have enough condition to 
wait for playchess starting again?}  Nd4 {I like 
this site... And players on this site...:)}  
18.Qa2 {Oh,thanks. Think I take this for a 
compliment...sent back :-) !}  Qe6 {I hope, that 
the result of our game will not be sad for me...:) 
Very interesting position.}  19.Rfd1 {I wouldn't 
mind accepting a draw, but I'd suggest playing 
this interesting position...}  Nf4 {I shall try to 
aggravate game (if it to turn out)}  20.Qxe6+ 
Nfxe6 21.Be1 f4 22.e3 fxe3 23.fxe3 Nf3+ 24.Bxf3 
Rxf3 25.Bf2 Bg5 26.Kg2 Rdf8 0-1

[Event "HCL-A058"]
[Site "www.playchess.de"]
[Date "2001.03.26"]
[Round "19"]
[White "daphatmon"]
[Black "Flash_Force"]
[WhiteElo "1598"]
[BlackElo "1507"]
[PlyCount "70"]
[Result "0-1"]

1.e4 d5 2.exd5 Qxd5 3.Nc3 Qa5 4.Nf3 Nf6 5.d3 g6 
6.Bd2 Qb6 7.Qc1 Bg4 8.Be3 c5 9.Be2 Nc6 10.h3 Bxf3 
11.Bxf3 Nd4 12.Bd1 Bg7 13.Na4 Qc6 14.O-O Qxa4 
15.c3 Qd7 16.cxd4 cxd4 17.Qc4 O-O {Nice one! I 
almost took the bishop.}  18.Bxd4 Rfd8 19.Bxf6 
Bxf6 20.Bb3 e6 21.Rab1 b5 22.Qf4 Bg7 23.Rfd1 Rac8 
24.Rd2 Qc7 25.Qxc7 Rxc7 26.a3 Rdc8 27.Rdd1 Bh6 
28.g3 a5 {I have a bad cold}  29.Kg2 a4 30.Ba2 
R7c2 31.d4 Re2 32.Rde1 Rxe1 33.Rxe1 Rc2 34.d5 exd5 
35.Bxd5 Bf8 0-1